| 000 | 01165nam a22002297a 4500 | ||
|---|---|---|---|
| 999 |
_c60214 _d60214 |
||
| 003 | Ge_BSU | ||
| 005 | 20230619172713.0 | ||
| 008 | 230619s2006 ge ||||| |||| 00| 0 geo d | ||
| 020 | _a9994046497 | ||
| 041 | _ageo | ||
| 080 | _a94(38) ი-53 | ||
| 100 |
_aინანეიშვილი, თეიმურაზ _918814 |
||
| 245 |
_aელინისტური საბერძნეთი IV-III საუკუნეებში : _b(ეპიროსის სახელმწიფო პიროსი) / _c თეიმურაზ ინანეიშვილი ; [რედ.: გ. ქავთარია]. |
||
| 264 |
_aთბილისი : _bმერიდიანი, _c2006. |
||
| 300 |
_a156გვ. ; _b20სმ. |
||
| 504 | _aბიბლიოგრ. ტექსტ. შენიშვნ. და გვ. 149-154. | ||
| 520 | _aრეზ. გერმ. ენ. | ||
| 653 | _aძველი საბერძნეთის ისტორია | ||
| 653 | _aმაკედონიის ისტორია | ||
| 700 |
_aქავთარია, გ. _eრედაქტორი _917549 |
||
| 942 |
_2udc _cBK |
||